[Event "Maastricht Limburg op-C 6th"]
[Site "Maastricht"]
[Date "2012.05.26"]
[Round "2"]
[White "Janssen, Fynn"]
[Black "Van Ee, Ron"]
[Result "1-0"]
[WhiteElo "935"]
[BlackElo "1347"]
[PlyCount "91"]
[EventDate "2012.05.25"]
[EventType "swiss"]
[EventRounds "7"]
[EventCountry "NED"]
[SourceTitle "EXT 2013"]
[Source "ChessBase"]
[SourceDate "2012.11.22"]
[SourceVersion "1"]
[SourceVersionDate "2012.11.22"]
[SourceQuality "1"]

1. e4 e5 2. Nf3 Nc6 3. d4 f6 4. d5 Nb4 5. a3 Na6 6. Nc3 Bc5 7. b4 Bb6 8. Na4 Bd4 9. Nxd4 exd4 10. Qxd4 d6 11. Bb5+ Bd7 12. Qd3 Ne7 13. Nc3 0-0 14. Bxa6 bxa6 15. Qxa6 Qb8 16. Qd3 Ng6 17. 0-0 Ne5 18. Qe2 Bg4 19. f3 Bd7 20. Bf4 Qb6+ 21. Qe3 Qb7 22. Bxe5 dxe5 23. Qc5 c6 24. Rad1 Rac8 25. Rd2 cxd5 26. Qxd5+ Qxd5 27. Nxd5 Rfe8 28. Rc1 Be6 29. Ne3 Rc3 30. Rd3 Rc6 31. c4 Rec8 32. Rdc3 a6 33. c5 Ra8 34. a4 a5 35. b5 Rcc8 36. c6 Rab8 37. Rc5 Bb3 38. Ra1 Rc7 39. Ra3 Be6 40. Nd5 Bxd5 41. Rxd5 Rb6 42. Rad3 Kf7 43. Rd7+ Rxd7 44. cxd7 Rb8 45. d8Q Rxd8 46. Rxd8 1-0

[Event "Maastricht Limburg op-C 6th"]
[Site "Maastricht"]
[Date "2012.05.25"]
[Round "1"]
[White "Van Ee, Ron"]
[Black "Daemen, Jules"]
[Result "0-1"]
[WhiteElo "1347"]
[BlackElo "1668"]
[PlyCount "78"]
[EventDate "2012.05.25"]
[EventType "swiss"]
[EventRounds "7"]
[EventCountry "NED"]
[SourceTitle "EXT 2013"]
[Source "ChessBase"]
[SourceDate "2012.11.22"]
[SourceVersion "1"]
[SourceVersionDate "2012.11.22"]
[SourceQuality "1"]

1. e4 d5 2. Nc3 Nf6 3. d3 dxe4 4. dxe4 Qxd1+ 5. Kxd1 c6 6. Bd3 e5 7. Be3 Ng4 8. Nf3 Nxe3+ 9. fxe3 f6 10. Kd2 Be6 11. b3 Nd7 12. Bc4 Bxc4 13. bxc4 0-0-0 14. Rhb1 Nb6+ 15. Ke2 Nxc4 16. Rb3 Bc5 17. Nd1 Bb6 18. a4 Ba5 19. Rab1 Nd2 20. Nxd2 Rxd2+ 21. Kf1 Rhd8 22. Nc3 b6 23. Rc1 Kc7 24. h3 Bxc3 25. Rxc3 Rd1+ 26. Rxd1 Rxd1+ 27. Ke2 Ra1 28. Rc4 c5 29. g4 Rh1 30. a5 Rxh3 31. axb6+ axb6 32. Ra4 Kb7 33. Kd3 Rg3 34. c3 Rxg4 35. Kd2 h5 36. c4 h4 37. Ra1 Rg2+ 38. Kc3 h3 39. Rh1 h2 0-1